Faculty of Law Library — Cairo University

Official Online Catalog

La Crise Du Principe De La Legalite Des Destos Et Des Peines / (Record no. 71663)

MARC details
000 -LEADER
fixed length control field 01052nam a2200289 i 4500
003 - CONTROL NUMBER IDENTIFIER
control field EG-GICUC
005 - DATE AND TIME OF LATEST TRANSACTION
control field 20260418152629.0
008 - FIXED-LENGTH DATA ELEMENTS--GENERAL INFORMATION
fixed length control field 260418s1967 fr ||||fr|||| 00| 0 fre d
040 ## - CATALOGING SOURCE
Original cataloging agency EG-GICUC
Language of cataloging fre
Transcribing agency EG-GICUC
Modifying agency EG-GICUC
Description conventions rda
041 ## - LANGUAGE CODE
Language code of text/sound track or separate title fre
Language code of original fre
082 04 - DEWEY DECIMAL CLASSIFICATION NUMBER
Edition number 21
Classification number 343.114
Item number SA . C
092 04 - LOCALLY ASSIGNED DEWEY CALL NUMBER (OCLC)
Edition number 21
099 ## - LOCAL FREE-TEXT CALL NUMBER (OCLC)
Classification number Law1 10 343.114 SA . C 1967
100 1# - MAIN ENTRY--PERSONAL NAME
Personal name Sart-ulт-hтав, Jean-pierre Delmas
Relator term
245 12 - TITLE STATEMENT
Title La Crise Du Principe De La Legalite Des Destos Et Des Peines /
Statement of responsibility, etc. Jean-pierre Delmas Sart-ulт-hтав
264 ## - PRODUCTION, PUBLICATION, DISTRIBUTION, MANUFACTURE, AND COPYRIGHT NOTICE
Date of production, publication, distribution, manufacture, or copyright notice [Lieu de publication non identifié] :
Place of production, publication, distribution, manufacture [Éditeur non identifié],
Name of producer, publisher, distributor, manufacturer 1967.
300 ## - PHYSICAL DESCRIPTION
Extent 158صفحة
Other physical details إيضاحيات، صور، مثيليات ؛
Dimensions 24 سم
336 ## - CONTENT TYPE
Source rda content
Content type term text
337 ## - MEDIA TYPE
Source rda media
Media type term Computer
338 ## - CARRIER TYPE
Source rda carrier
Carrier type term Online Resource
546 ## - LANGUAGE NOTE
Language note Texte en français
650 1# - SUBJECT ADDED ENTRY--TOPICAL TERM
Source of heading or term Le principe de légalité des crimes et des peines
651 1# - SUBJECT ADDED ENTRY--GEOGRAPHIC NAME
Source of heading or term qrmak
856 40 - ELECTRONIC LOCATION AND ACCESS
Uniform Resource Identifier <a href="https://fll.law.cu.edu.eg/B10-09168/bks/test.pdf">https://fll.law.cu.edu.eg/B10-09168/bks/test.pdf</a>
905 ## - Cataloger and Reviser Names
Cataloger Name: Omnia Hany
942 ## - ADDED ENTRY ELEMENTS (KOHA)
Source of classification or shelving scheme Dewey Decimal Classification
Koha item type Books
Edition 21
Suppress in OPAC No
Holdings
Withdrawn status Lost status Source of classification or shelving scheme Damaged status Not for loan Collection Home library Current library Date acquired Total checkouts Full call number Barcode Date last seen Copy number Price effective from Koha item type
    Dewey Decimal Classification   Not for loan القانون الجنائي جــــامعة القــاهرة مكتبة كلية الحقوق - المبنى الرئيسي 18.04.2026   Law1 10 343.114 SA . C 1967 1009168 C1 B10-09168 18.04.2026 1 18.04.2026 Books
    Dewey Decimal Classification     القانون الجنائي جــــامعة القــاهرة مكتبة كلية الحقوق - المبنى الرئيسي 29.04.2026   Law1 10 343.114 SA . C 1967 1009169 C2 B10-09169 29.04.2026 2 29.04.2026 Books

© All rights reserved — Faculty of Law, Cairo University